| 000 | 00725nam a2200217 a 4500 | ||
|---|---|---|---|
| 005 | 20260221063946.0 | ||
| 008 | 021011s1996 es r 000 0 spa d | ||
| 020 | _a8489607621 | ||
| 035 | _aUPN01000120129 | ||
| 049 | _aCG | ||
| 050 | 4 |
_aLB775 F7.6 _bJ5.3 |
|
| 100 | 1 |
_aJiménez Mier y Terán, Fernando Juan Bosco _928789 |
|
| 245 | 1 | 0 |
_aFreinet en España : _bla revista Colaboración / _cFernando Jiménez Mier Terán. |
| 260 |
_aBarcelona, Esp. : _bEUB, _c1996. |
||
| 300 | _a358 p. | ||
| 440 | 0 |
_aHistoria de la educación ; _v28. _pPsicología y educación |
|
| 600 | 1 | 4 |
_aFREINET, CELESTIN, _d1896-1966 |
| 650 | 4 |
_aEducación _xFilosofía _94994 |
|
| 650 | 2 |
_aFreinet, Método de educación de _94101 |
|
| 905 | _aLibro | ||
| 999 |
_c92474 _d92474 |
||